|
|
|
|
| LEADER |
01117cam a2200217 u 4500 |
| 001 |
10099630 |
| 003 |
GR-PaULI |
| 005 |
20210117210940.0 |
| 008 |
121205m19321941gr gre |
| 952 |
|
|
|0 0
|1 0
|2 ddc
|3 τ.1
|4 0
|6 889_330000000000000_ΣΤΕ
|7 0
|9 234401
|a LISP
|b LISP
|c BSC
|d 2019-07-30
|i 13338
|l 0
|o 889.33 ΣΤΕ
|p 025000264680
|r 2019-07-30 00:00:00
|v 2019.00
|w 2019-07-30
|y BK15
|
| 952 |
|
|
|0 0
|1 0
|2 ddc
|3 τ.2
|4 0
|6 889_330000000000000_ΣΤΕ
|7 0
|9 234402
|a LISP
|b LISP
|c BSC
|d 2019-07-30
|i 13339
|l 0
|o 889.33 ΣΤΕ
|p 025000264679
|r 2019-07-30 00:00:00
|t 1
|v 2019.00
|w 2019-07-30
|y BK15
|
| 999 |
|
|
|c 142169
|d 142169
|
| 040 |
|
|
|a GR-PaULI
|c GR-PaULI
|b gre
|e AACR2
|
| 082 |
0 |
4 |
|a 889.33
|2 23
|
| 100 |
1 |
|
|9 177435
|a Στεφανίδης, Μιχαήλ Κ.,
|d 1896-1983
|e συγγραφέας.
|
| 245 |
1 |
0 |
|a Λογοτεχνήματα /
|c Μιχαήλ Κ. Στεφανίδου.
|
| 260 |
|
|
|a Αθήναι :
|b Ι. Ν. Σιδέρης,
|c 1932-1941.
|
| 300 |
|
|
|a 2 τ. ;
|c 22 εκ.
|
| 500 |
|
|
|a τ. 1. - 101 σ. - 1932 -- τ. 2. - 72 σ. - 1941.
|
| 942 |
|
|
|2 ddc
|c BK15
|
| 998 |
|
|
|c ΜΠΟΥΡΑΣ
|d 2019-07
|